| 000 | 00578nam a2200181Ia 4500 | ||
|---|---|---|---|
| 008 | 090630s9999 xx 000 0 und d | ||
| 082 | _b8308 | ||
| 100 | _aदातार ग. के. | ||
| 245 |
_aप्रेमाचा सौदा. _cदातार ग. के. |
||
| 260 | _bबापट कंपनी. | ||
| 300 | _a110 | ||
| 600 | _aदातार ग. के. | ||
| 630 | _aप्रेमाचा सौदा. | ||
| 655 | _aनाटक. | ||
| 700 | _aदातार ग. के. | ||
| 730 | _aप्रेमाचा सौदा. | ||
| 942 | _cBOOK | ||
| 999 |
_c260164 _d260164 |
||